Country Flag Alphabet Soup 2 - Statistics

General Stats
  • This quiz has been taken 26 times
  • The average score is 20 of 24
Answer Stats
Picture Answer % Correct
Qatar
100%
Jamaica
95%
Romania
95%
Austria
91%
Finland
91%
Iceland
91%
Yemen
91%
Bulgaria
86%
Kazakhstan
86%
Macedonia
86%
Senegal
86%
Zambia
86%
Comoros
82%
Haiti
82%
Oman
82%
Uzbekistan
82%
Papua New Guinea
77%
Djibouti
73%
Guinea-Bissau
73%
Nauru
73%
Vanuatu
73%
Eswatini
68%
Laos
68%
Timor-Leste
64%
No matching quizzes found
Score Distribution
Percent of People with Each Score
Percentile by Number Answered
Your Score History
You have not taken this quiz